00927nam a2200193 a 450000500170000000800410001704000140005804100080007204400070008010000340008724501910012126000530031230000100036552002450037565000190062065000260063965000200066566200480068520180803165358.0140130b2007 ck ||||| |||| 00| 0 spa d cCO-BoIAVH aspa ack aMoreno Díaz, Carlos Alberto aInstrumentos de política diseñados de manera participativa y enfocados hacia la conservación de los servicios ambientales en la laguna de Fúquene con base en su valor económico aBogotábInstituto Alexander von Humboldtc2007 a49 p. aPresenta los instrumentos de politica cuyo diseño participativo pretende convertir practicas agropecuarias convencionales en sistemas productivos sostenibles, menos perjudiciales al medio ambiente y rentables desde una visión financiera aConservación aServicios ambientales aParticipación aColombiacLaguna de FúquenebCundinamarca